LDR 01256nam a2200277 i 4500 001 000000102405 003 CaOOAMICUS 005 20260518161115.0 008 160318s1971 it u000 u ita u 040 $aSeMil$bita 100 1 $aGaster, Theodor Herzl,$d<1906-1992>.$0(OLS)http://semarc/name/43905 245 13$aLe più antiche storie del mondo /$cTheodor H. Gaster ; traduzione di Nicoletta Coppini ; prefazione di Giorgio Levi Della Vida. 264 1$aMilano :$bMondadori,$c1971. 300 $a221 p. ;$c19 cm. 490 1 $aOscar Mondadori ;$v357 650 4$aMitologia cananea.$0(OLS)http://semarc/subject/55609 650 4$aMitologia ittita.$0(OLS)http://semarc/subject/60289 650 4$aMitologia assiro-babilonese.$0(OLS)http://semarc/subject/3550 700 1 $aCoppini, Nicoletta.$0(OLS)http://semarc/name/43906 700 1 $aLevi Della Vida, Giorgio.$0(OLS)http://semarc/name/34774 830 0$aOscar ;$v357.$0(OLS)http://semarc/title/8669 850 $aSeMil 852 $aSeMil$W1$xVenegono$y1$m1X II 305$j272217$B58922$CSeMilBibl$Z2$F69917 $81 996 $6245$aLe più antiche storie del mondo$9(OLS)http://semarc/title/149086 996 $6264$aMilano :$bMondadori$9(OLS)http://semarc/publisher/30335